Devinez le Département Mystère #72 - Statistiques

Statistiques générales
  • Ce quiz a été pris 191 fois
  • Le résultat moyen est 30 sur 39
Statistiques - réponses
Type de Réponse Réponse % Correct
Lettre Trouvée E
100%
Lettre Trouvée N
99%
Lettre Trouvée R
99%
Lettre Trouvée A
98%
Lettre Trouvée O
98%
Lettre de l'Alphabet D
97%
Lettre Trouvée I
97%
Lettre Trouvée T
97%
Lettre Trouvée S
96%
Lettre Trouvée L
95%
Lettre de l'Alphabet H
92%
Lettre de l'Alphabet U
90%
Lettre de l'Alphabet C
89%
Lettre de l'Alphabet M
85%
Lettre de l'Alphabet V
82%
Lettre de l'Alphabet B
77%
Lettre de l'Alphabet P
77%
Lettre de l'Alphabet G
75%
Lettre Bien Placée E
72%
Lettre Bien Placée I
69%
Lettre Bien Placée A
66%
Lettre Bien Placée E
66%
Lettre Bien Placée E
66%
Lettre de l'Alphabet F
66%
Lettre Bien Placée T
66%
Lettre de l'Alphabet Y
66%
Lettre Bien Placée L
64%
Lettre Bien Placée N
64%
Lettre Bien Placée O
64%
Lettre Bien Placée R
64%
Lettre de l'Alphabet Z
61%
Lettre de l'Alphabet X
60%
Lettre de l'Alphabet J
59%
Lettre de l'Alphabet Q
59%
Lettre Bien Placée S
58%
Lettre de l'Alphabet K
56%
Lettre Bien Placée Ô
56%
Département Mystère Saône-et-Loire
56%
Lettre de l'Alphabet W
56%
Aucun quiz correspondant
Distribution des résultats
% des personnes avec chaque résultat
Percentile par nombre de réponses
Votre historique - résultats
Vous n’avez pas pris ce quiz